Water Bodies from A-Z by Images - Statistics

General Stats
  • This quiz has been taken 21 times
  • The average score is 12 of 26
Answer Stats
Picture Hint Answer % Correct
River Amazon
100%
Sea Dead
84%
Sea Caribbean
74%
River Nile
74%
Gulf Persian
74%
Sea Red
74%
Lake Baikal
68%
River Ganga
68%
Lake Superior
68%
Lake Huron
63%
River Yangtze
63%
Sea Ionian
53%
Sea Labrador
47%
Lake Malawi
47%
Lake Ontario
47%
River Euphrates
42%
River Jordan
42%
Sea Tasman
42%
River Ural
32%
Sea Weddell
32%
River Xingu
16%
Lake Fuxian
0%
Lake Kaindy
0%
River Quaboag
0%
Lake Vembanad
0%
Lake Zaysan
0%
No matching quizzes found
Score Distribution
Percent of People with Each Score
Percentile by Number Answered
Your Score History
You have not taken this quiz